000 00949cam a2200253Ma 4500
005 20140903175022.0
008 090402s2009 cn abo frn 001 0 fre d
020 _z9782763785103
040 _aCo-BoUCM
_beng
_cJavier Garzón
_dAldemar Mondragón
041 1 _afre
_heng
100 1 _aBothwell, Robert
_d1944-
_956935
245 1 4 _aUne histoire du Canada
_cRobert Bothwell ; traducción del inglés por Michel Buttiens
260 _aQuebec (Canadá)
_bPresses de l'Université Laval
_c2009
300 _axii, 548 páginas
_bilustraciones, fotos y mapas
500 _aIncluye índice
651 4 _aCanadá
_xHistoria
_933470
651 4 _aCanadá
_xPolítica económica
_957038
651 4 _aCanadá
_xPolítica y gobierno
_933469
690 _942842
_aHistoria de América
700 1 _aButtiens, Michel
_etraductor
_956939
765 0 _tPenguin history of Canada
942 _a21
_cLIBRO
_e1
_mB749h
_2DEWEY
_h971
999 _c184418
_d184418